Statistics for Figures of Western History by Illustration #2

Click here to take the quiz!

General Stats

  • This quiz has been taken 24 times
  • The average score is 9 of 17

Answer Stats

Answer% Correct
Charlie Chaplin
95%
Grigori Rasputin
91%
Vladimir Lenin
91%
Fidel Castro
86%
King Louis XIV
68%
Woodrow Wilson
59%
King George V
55%
Benito Mussolini
50%
George Washington
50%
Catherine the Great
45%
King Charles
41%
Mark Twain
41%
Oscar Wilde
36%
Charles de Gaulle
32%
Francisco Franco
27%
Franz Joseph
5%
Lizzie Borden
5%

Score Distribution

Percentile by Number Answered

Percent of People with Each Score

Your Score History

You have not taken this quiz